000 02992nam a22003255i 4500
020 _a9788132223191
082 0 4 _a624.15
_bMAN
_cN-02,P-100
100 1 _aManohar, Sharad.
_951847
245 1 0 _aSeismic Design of RC Buildings :
_bTheory and Practice /
_cby Sharad Manohar, Suhasini Madhekar.
250 _a1st ed. 2015.
260 _aindia,
_bspringer,
_c2015.
300 _aXXII, 450 pages 186 illustrations, 22 illustrations in color
490 1 _aSpringer Transactions in Civil and Environmental Engineering,
505 0 _aEarthquakes -- Important Attributes for Seismic Design -- Vibration Concepts -- Response Evaluation -- Planning for Aseismic Buildings -- Frames and Diaphragms -- Shear Walls.- Sub-structure Design and Soil-structure Coupling -- Confined and Reinforced Masonry Buildings -- Base Isolation -- Performance Based Seismic Design.
520 _aThis book is intended to serve as a textbook for engineering courses on earthquake resistant design. The book covers important attributes for seismic design such as material properties, damping, ductility, stiffness and strength. The subject coverage commences with simple concepts and proceeds right up to nonlinear analysis and push-over method for checking building adequacy. The book also provides an insight into the design of base isolators highlighting their merits and demerits. Apart from the theoretical approach to design of multi-storey buildings, the book highlights the care required in practical design and construction of various building components. It covers modal analysis in depth including the important missing mass method of analysis and tension shift in shear walls and beams. These have important bearing on reinforcement detailing. Detailed design and construction features are covered for earthquake resistant design of reinforced concrete as well as confined and reinforced masonry structures. The book also provides the methodology for assessment of seismic forces on basement walls and pile foundations. It provides a practical approach to design and detailing of soft storeys, short columns, vulnerable staircases and many other components. The book bridges the gap between design and construction. Plenty of worked illustrative examples are provided to aid learning. This book will be of value to upper undergraduate and graduate students taking courses on seismic design of structures.
526 _a0
_b0
_c0
_d624_150000000000000_MAN
650 0 _aEngineering geology.
650 0 _aEngineering-Geology.
650 0 _aFoundations.
_9892
650 0 _aGeotechnical engineering.
650 0 _aHydraulics.
650 0 _aMechanics, Applied.
_913090
650 0 _aMechanics.
_910681
650 1 4 _aGeoengineering, Foundations, Hydraulics.
_951848
650 2 4 _aGeotechnical Engineering & Applied Earth Sciences.
_951849
650 2 4 _aSolid Mechanics.
_930212
700 1 _aMadhekar, Suhasini.
_951850
856 4 0 _uhttps://hdl.loc.gov/loc.gdc/stacks.2019745429
942 _2ddc
_cBK
999 _c554384
_d554384